000 01015nam a2200253 a 4500
001 65759
003 BD-RjUL
005 20211209081448.0
008 170312s1995 bg a|||| |||| 000 0 be d
020 _c: Tk. 30.00
035 _a(BD-RjUL)65889
040 _aBD-RjUL
_bben
_cBD-RjUL
_dBD-RjUL
041 _aben
082 _223
_a954.9205092
_bPIT 1995
245 1 0 _aপিতা /
_cসালাউদ্দিন বাদল
260 _aঢাকা :
_bআওয়ামী শিল্পী গোষ্ঠী,
_c১৯৯৫
300 _a৭৯ পৃ. :
_bচিত্র. ;
_c২১ সেমি.
600 _aরহমান, শেখ মুজিবুর
_d১৯২০-১৯৭৫
_xজীবনী
_9194463
600 _aRahman, Sheikh Mujibur
_d1920-1975
_xBiography
_9194464
651 _aবাংলাদেশ
_xইতিহাস
_y১৯৭১
_9193114
651 _aBangladesh
_xHistory
_y1971
_9193115
700 1 _aবাদল, সালাউদ্দিন
_9175752
942 _2ddc
_cBK
999 _c65759
_d65759